Situácia Rómov v období II. svetovej vojny

Bibliographic Details
Main Author: Šebesta, Michal, 1978-2007 (Author)
Format: Article
Language:Slovak
ISBN:8080522138
Subjects:

MARC

LEADER 00000naa a2200000 a 4500
001 vtls011846580
003 SK-MaSNL
005 20260302142451.0
008 210910|2004 xo |||||||||||||||||slo|
015 |a SNBCL 
035 |a (urnnbn)urn:nbn:sk:snk:ar-008qvp 
035 |a urn:nbn:sk:snk-aaw2me 
035 |a (uuid)0f68d152-e464-4b61-9ce6-0c82cd2a1f5e 
040 |a SNKBUCL  |b slo  |c SNKBUCL  |e AACR2 
041 |a slo 
044 |a xo  |c SK 
100 1 |a Šebesta, Michal,  |d 1978-2007  |4 aut  |9 168124 
245 1 0 |a Situácia Rómov v období II. svetovej vojny  |c Michal Šebesta 
655 7 |a články zo zborníkov  |2 snkbucl  |9 166140 
773 0 |t Slovenské národné povstanie v československom kontexte  |d Bratislava : Slovenská komora Česko-Slovenského výboru ; Bratislava : Metodicko-pedagogické centrum, 2004  |g S. 50-55  |z 8080522138 
958 |a OND 
958 |a article26 
958 |a chapter 
999 |c 1339521  |d 1341451